Účtovná závierka ako zdroj informácií pre potreby finančnej analýzy ukazovateľov aktivity v konkrétnej veľkej účtovnej jednotke diplomová práca
Guardado en:
| Autor principal: | |
|---|---|
| Autor Corporativo: | |
| Otros Autores: | |
| Formato: | Libro |
| Lenguaje: | eslovaco |
| Publicado: |
Bratislava
2023
|
| Etiquetas: |
Sin Etiquetas, Sea el primero en etiquetar este registro!
|
MARC
| LEADER | 00000nbm a2200000 4500 | ||
|---|---|---|---|
| 001 | 0294031 | ||
| 005 | 20240411094439.3 | ||
| 041 | 0 | |a slo | |
| 044 | |a SK | ||
| 245 | 1 | 0 | |a Účtovná závierka ako zdroj informácií pre potreby finančnej analýzy ukazovateľov aktivity v konkrétnej veľkej účtovnej jednotke |b diplomová práca |c Dóra Pöthe ; školiteľ: Kornélia Lovciová |
| 264 | 1 | |a Bratislava |c 2023 | |
| 300 | |a 79 s. | ||
| 100 | 1 | |a Pöthe, Dóra | |
| 700 | 1 | |a Lovciová, Kornélia, 1983- | |
| 710 | 2 | |a Fakulta hospodárskej informatiky EU. Katedra účtovníctva a audítorstva | |